| 000 | 00940cam a2200313 4500 | ||
|---|---|---|---|
| 001 | J97709 | ||
| 008 | 090401t1999 xxu||||| |||| 00| 0 eng d | ||
| 035 | _a(Sirsi) u92391 | ||
| 041 | _aeng | ||
| 050 | _a333.337 | ||
| 110 |
_aCluttons Daniel Smith _93567 |
||
| 245 | _aQuarterly property market update - Spring 1999 - winter 1999/2000 | ||
| 260 |
_aLondon _bCluttons Daniel Smith _c1999 |
||
| 300 | _a4 pt. ; 30cm. | ||
| 350 | _a0 | ||
| 650 | _aAGRICULTURAL MARKET | ||
| 650 | _aCONSTRUCTION INDUSTRY | ||
| 650 | _aINDUSTRIAL MARKET | ||
| 650 | _aINVESTMENT MARKET | ||
| 650 | _aPROPERTY-COMMERCIAL PROPERTY-OFFICE PROPERTY-OFFICE PROPERTY MARKET | ||
| 650 | _aPROPERTY MARKET | ||
| 650 | _aRENTS | ||
| 650 | _aRESIDENTIAL MARKET | ||
| 650 | _aPROPERTY-COMMERCIAL PROPERTY-RETAIL PROPERTY-RETAIL PROPERTY MARKET | ||
| 650 | _aYIELDS | ||
| 690 | _aPROPERTY-COMMERCIAL PROPERTY | ||
| 942 | _n0 | ||
| 948 | _c26/03/1999 | ||
| 999 |
_c97746 _d97746 |
||